| 000 -LEADER |
| fixed length control field |
00562nam a2200229Ia 4500 |
| 001 - CONTROL NUMBER |
| control field |
18436 |
| 003 - CONTROL NUMBER IDENTIFIER |
| control field |
GE_BSU |
| 008 - FIXED-LENGTH DATA ELEMENTS--GENERAL INFORMATION |
| fixed length control field |
181216s||||||||xx |||||||||||||| ||und|| |
| 020 ## - INTERNATIONAL STANDARD BOOK NUMBER |
| International Standard Book Number |
9780273756651 |
| 040 ## - CATALOGING SOURCE |
| Transcribing agency |
GE_BSU |
| 080 ## - UNIVERSAL DECIMAL CLASSIFICATION NUMBER |
| Universal Decimal Classification number |
331.4 |
| 100 ## - MAIN ENTRY--PERSONAL NAME |
| Personal name |
Scherer, Andrew |
| 245 ## - TITLE STATEMENT |
| Title |
Brilliant intern |
| 245 ## - TITLE STATEMENT |
| Remainder of title |
How to get best internships and make them count |
| 260 ## - PUBLICATION, DISTRIBUTION, ETC. |
| Place of publication, distribution, etc. |
Harlow |
| 260 ## - PUBLICATION, DISTRIBUTION, ETC. |
| Name of publisher, distributor, etc. |
Pearson |
| 260 ## - PUBLICATION, DISTRIBUTION, ETC. |
| Date of publication, distribution, etc. |
2012 |
| 300 ## - PHYSICAL DESCRIPTION |
| Extent |
196p. 22 cm. |
| 653 ## - INDEX TERM--UNCONTROLLED |
| Uncontrolled term |
Brilliant intern |
| 653 ## - INDEX TERM--UNCONTROLLED |
| Uncontrolled term |
How to get best internships and make them count |
| 942 ## - ADDED ENTRY ELEMENTS (KOHA) |
| Koha item type |
წიგნი |